|
|
|
|
| LEADER |
00982nam a2200253 a 4500 |
| 001 |
3250 |
| 003 |
BD-DhAAL |
| 005 |
20150502142027.0 |
| 008 |
150502s1996 nyuab b 001 0 eng |
| 010 |
|
|
|a 96004355
|
| 020 |
|
|
|a 047111975X (acidfree paper)
|
| 040 |
|
|
|a DLC
|c DLC
|d DLC
|d BD-DhAAL
|
| 050 |
0 |
0 |
|a DS195.5
|b .G72 1996
|
| 082 |
0 |
0 |
|a 956.6/200491992
|2 20
|
| 100 |
1 |
|
|a Graber, G. S.
|9 10915
|
| 245 |
1 |
0 |
|a Caravans to oblivion :
|b the Armenian Genocide, 1915 /
|c G.S. Graber ; foreword by Roger W. Smith.
|
| 260 |
|
|
|a New York :
|b J. Wiley,
|c c1996.
|
| 300 |
|
|
|a xiii, 210 p. :
|b ill., map ;
|c 22 cm.
|
| 504 |
|
|
|a Includes bibliographical references (p. 201-202) and index.
|
| 541 |
|
|
|e 3250
|
| 650 |
|
0 |
|a Armenian massacres, 1915-1923.
|9 10916
|
| 942 |
|
|
|2 ddc
|c BK
|
| 999 |
|
|
|c 34365
|d 34365
|
| 952 |
|
|
|0 0
|1 0
|2 ddc
|4 0
|6 956_620049199200000_GRA
|7 0
|9 53657
|a SCL
|b SCL
|c GEN
|d 2015-05-02
|e Gift: The Asia Foundation
|l 4
|m 17
|o 956.6200491992 GRA
|p 3020003250
|r 2026-02-07
|s 2026-01-31
|t 1
|w 2015-05-02
|y BK
|